[Event "DEN-ch blitz Final Gr-2"]
[Site "Svendborg"]
[Date "2022.04.15"]
[Round "3"]
[White "Borge, Nikolaj"]
[Black "Holst, Allan"]
[Result "1-0"]
[WhiteElo "2403"]
[BlackElo "2319"]
[PlyCount "111"]
[EventDate "2022.04.15"]
[EventType "tourn (blitz)"]
[EventRounds "7"]
[EventCountry "DEN"]
[SourceTitle "EXT 2024"]
[Source "ChessBase"]
[SourceDate "2023.10.10"]
[SourceVersion "1"]
[SourceVersionDate "2023.10.10"]
[SourceQuality "1"]

1. e4 Nf6 2. e5 Nd5 3. d4 d6 4. Nf3 dxe5 5. Nxe5 c6 6. Qf3 Be6 7. c3 g6 8. h4 Nd7 9. Nd3 N7f6 10. Nd2 Bg7 11. Qg3 Qc7 12. Ne5 0-0 13. Be2 h5 14. a3 c5 15. c4 Nb6 16. d5 Bf5 17. Nxg6 Qxg3 18. Nxe7+ Kh7 19. fxg3 Bc2 20. Rf1 Rfe8 21. Nf5 Bf8 22. b4 Ng4 23. Ra2 Bd3 24. Nb3 Nxc4 25. Nxc5 Bb1 26. Rb2 Nxb2 27. Bxb2 Bxc5 28. bxc5 Bd3 29. Nd4 Kg6 30. Kd2 Bxe2 31. Nxe2 Ne3 32. Rf6+ Kh7 33. Nf4 Nc4+ 34. Kc3 Nxb2 35. Kxb2 Kg8 36. Nxh5 Re5 37. Nf4 Rc8 38. c6 bxc6 39. dxc6 Rc5 40. h5 Kg7 41. Rd6 R8xc6 42. Rxc6 Rxc6 43. Kb3 Kh6 44. Kb4 Kg5 45. a4 a6 46. Nd5 Kg4 47. Ne3+ Kxg3 48. h6 Rxh6 49. Nf5+ Kxg2 50. Nxh6 f6 51. Ka5 Kf3 52. Kxa6 Ke4 53. Kb5 f5 54. Nxf5 Kxf5 55. a5 Ke6 56. Kc6 1-0

[Event "DEN-ch Blitz B"]
[Site "Svendborg"]
[Date "2021.10.22"]
[Round "4"]
[White "Holst, Allan"]
[Black "Petersen, Daniel"]
[Result "1-0"]
[WhiteElo "2304"]
[BlackElo "1840"]
[PlyCount "59"]
[EventDate "2021.10.22"]
[EventType "tourn"]
[EventRounds "7"]
[EventCountry "DEN"]
[SourceTitle "EXT 2025"]
[Source "ChessBase"]
[SourceDate "2024.10.14"]
[SourceVersion "1"]
[SourceVersionDate "2024.10.14"]
[SourceQuality "1"]

1. e4 c5 2. Nf3 Nc6 3. Bb5 e6 4. 0-0 Nge7 5. Re1 a6 6. Bf1 d6 7. c3 e5 8. h3 Ng6 9. d4 cxd4 10. cxd4 exd4 11. Nxd4 Be7 12. Nc3 0-0 13. Nd5 Be6 14. Nxe7+ Qxe7 15. Nf5 Qf6 16. Qxd6 Rfd8 17. Qc5 Nce5 18. Nd4 Rac8 19. Qb6 Rxd4 20. f4 Nxf4 21. Bxf4 Nc4 22. Qa7 Rcd8 23. Bc7 Rc8 24. e5 Qf4 25. Qxb7 Ne3 26. Bb6 Rb4 27. Rac1 Rxc1 28. Rxc1 h6 29. Qa8+ Kh7 30. Bd3+ 1-0

[Event "DEN-chT 0809"]
[Site "Denmark"]
[Date "2009.03.22"]
[Round "9.3"]
[White "Holst, Allan"]
[Black "Nielsen, Nicholas"]
[Result "0-1"]
[WhiteElo "2352"]
[BlackElo "2197"]
[PlyCount "66"]
[EventDate "2008.11.01"]
[EventType "team-tourn"]
[EventRounds "9"]
[EventCountry "DEN"]
[SourceTitle "EXT 2023"]
[Source "ChessBase"]
[SourceDate "2022.10.05"]
[SourceVersion "1"]
[SourceVersionDate "2022.10.05"]
[SourceQuality "1"]
[WhiteTeam "Copenhagen 68"]
[BlackTeam "Helsingor"]
[WhiteTeamCountry "DEN"]
[BlackTeamCountry "DEN"]

1. c4 Nf6 2. Nc3 e5 3. Nf3 Nc6 4. e3 d5 5. cxd5 Nxd5 6. d3 Be7 7. Be2 0-0 8. 0-0 Be6 9. a3 Qd7 10. Nxd5 Bxd5 11. b4 a6 12. Bb2 Bf6 13. Nd2 Rad8 14. Qc2 Be7 15. Ne4 f5 16. Nc5 Qc8 17. e4 Bf7 18. Nxa6 f4 19. Rfc1 Rd6 20. Nxc7 Rg6 21. Bf3 Qh3 22. Kh1 Qh4 23. b5 Rh6 24. h3 Bh5 25. Qe2 g5 26. Bxh5 Rxh5 27. f3 g4 28. Rg1 Qg3 29. fxg4 f3 30. Qc2 fxg2+ 31. Rxg2 Qxh3+ 32. Rh2 Rf1+ 33. Rxf1 Qxf1# 0-1

[Event "Aarhus IM"]
[Site "Aarhus"]
[Date "2005.07.06"]
[Round "5"]
[White "Stark, Lars"]
[Black "Holst, Allan"]
[Result "0-1"]
[WhiteElo "2337"]
[BlackElo "2363"]
[PlyCount "122"]
[EventDate "2005.07.02"]
[EventType "tourn"]
[EventRounds "9"]
[EventCountry "DEN"]
[EventCategory "4"]
[SourceTitle "CBM 107 Extra"]
[Source "ChessBase"]
[SourceDate "2005.09.01"]
[SourceVersion "1"]
[SourceVersionDate "2005.09.01"]
[SourceQuality "1"]

1. c4 Nf6 2. g3 c6 3. Bg2 d5 4. Nf3 dxc4 5. Qc2 Qd5 6. Nc3 Qh5 7. 0-0 Na6 8. Nd1 Qc5 9. Ne3 Be6 10. Qc3 Ne4 11. Qe5 Nd6 12. Qf4 f6 13. b3 Bf7 14. Nxc4 Nxc4 15. bxc4 e5 16. Qf5 Qxc4 17. d4 exd4 18. Qe4+ Be7 19. Nxd4 Bd5 20. Qe3 Bxg2 21. Kxg2 Kf7 22. Bb2 Rhe8 23. Rfc1 Qd5+ 24. Nf3 Bc5 25. Qf4 Rxe2 26. Bd4 Bxd4 27. Qxd4 Qxd4 28. Nxd4 Rd2 29. Nb3 Rd5 30. Rab1 Re8 31. Rc4 Re7 32. Ra4 Rb5 33. Rd1 c5 34. Na5 Rb4 35. Ra3 Nc7 36. Nb3 Nb5 37. Ra5 b6 38. Ra6 Ke8 39. Rc1 Ree4 40. Nxc5 bxc5 41. Rxc5 Re7 42. Rc8+ Kf7 43. Rb8 Nc7 44. Rxf6+ Kxf6 45. Rxb4 Ke5 46. Ra4 Nd5 47. f4+ Kd6 48. Ra6+ Kc5 49. Kh3 Nb4 50. Ra3 Kb5 51. g4 a5 52. f5 Rd7 53. g5 Rd3+ 54. Rxd3 Nxd3 55. Kg3 Kc5 56. h4 Kd5 57. h5 Kd6 58. Kf3 Ke7 59. Ke4 Nc1 60. a3 Ne2 61. Ke5 h6 0-1

[Event "Aarhus IM"]
[Site "Aarhus"]
[Date "2005.07.03"]
[Round "2"]
[White "Holst, Allan"]
[Black "Jakubowski, Krzysztof"]
[Result "0-1"]
[WhiteElo "2363"]
[BlackElo "2483"]
[PlyCount "126"]
[EventDate "2005.07.02"]
[EventType "tourn"]
[EventRounds "9"]
[EventCountry "DEN"]
[EventCategory "4"]
[SourceTitle "CBM 107 Extra"]
[Source "ChessBase"]
[SourceDate "2005.09.01"]
[SourceVersion "1"]
[SourceVersionDate "2005.09.01"]
[SourceQuality "1"]

1. d4 Nf6 2. Nf3 c5 3. c3 b6 4. Bg5 Bb7 5. Bxf6 exf6 6. e3 Be7 7. Nbd2 0-0 8. Be2 d5 9. 0-0 Nd7 10. Ne1 a6 11. Bf3 Qc7 12. Nd3 Rfd8 13. Nf4 Nf8 14. g3 Ne6 15. Bg2 Nxf4 16. exf4 Bf8 17. Re1 a5 18. dxc5 bxc5 19. Qc2 Rab8 20. b3 a4 21. Rad1 Qa5 22. h4 Bc8 23. Kh2 g6 24. Bh3 Bxh3 25. Kxh3 f5 26. Re3 Bg7 27. Rd3 Bf6 28. Nf3 c4 29. bxc4 dxc4 30. Rxd8+ Rxd8 31. Rxd8+ Bxd8 32. Kh2 Bf6 33. Nd2 Qxc3 34. Qxc3 Bxc3 35. Nxc4 Kf8 36. Nb6 Bd4 37. Nxa4 Ke7 38. Kg2 Kd6 39. Kf3 h5 40. Ke2 Kd5 41. Kd3 Bxf2 42. Nc3+ Kc5 43. Ne2 Kb4 44. Kc2 Ka3 45. Kb1 Be1 46. Ka1 Kb4 47. Kb2 Kc4 48. Kc2 Bb4 49. a4 Be1 50. Kd1 Bf2 51. Kd2 Kb4 52. Kd3 Kxa4 53. Kc4 Bb6 54. Kd5 Kb4 55. Kd6 Kc4 56. Ke7 Kd3 57. Kxf7 Kxe2 58. Kxg6 Kf3 59. Kxf5 Bd8 60. Kg6 Kg4 61. f5 Bc7 62. f6 Bxg3 63. f7 Bd6 0-1

[Event "DEN-chT 0405"]
[Site "Denmark"]
[Date "2004.12.05"]
[Round "3.2"]
[White "Holst, Allan"]
[Black "Lund, Silas"]
[Result "1-0"]
[WhiteElo "2362"]
[BlackElo "2296"]
[PlyCount "77"]
[EventDate "2004.11.06"]
[EventType "team-tourn"]
[EventRounds "7"]
[EventCountry "DEN"]
[SourceTitle "EXT 2023"]
[Source "ChessBase"]
[SourceDate "2022.10.05"]
[SourceVersion "1"]
[SourceVersionDate "2022.10.05"]
[SourceQuality "1"]
[WhiteTeam "Copenhagen 68"]
[BlackTeam "Copenhagen K41"]
[WhiteTeamCountry "DEN"]
[BlackTeamCountry "DEN"]

1. Nf3 e6 2. d4 c5 3. e3 Nf6 4. Bd3 b6 5. 0-0 Be7 6. Nbd2 Bb7 7. b3 d6 8. Bb2 0-0 9. Re1 Nbd7 10. c4 Qc7 11. Rc1 Rad8 12. Bb1 Rfe8 13. Nf1 Qb8 14. Ng3 Bf8 15. e4 cxd4 16. Bxd4 Ne5 17. Ng5 h6 18. Nh3 d5 19. exd5 exd5 20. c5 bxc5 21. Bxc5 Bxc5 22. Rxc5 Ne4 23. Rc1 Nxg3 24. hxg3 d4 25. f4 d3 26. Rxe5 Rxe5 27. fxe5 Qxe5 28. Qd2 Qxg3 29. Nf4 Be4 30. Rd1 Bf3 31. Qe3 Qxf4 32. Qxf4 Bxd1 33. Qd2 Be2 34. b4 g5 35. a4 Kg7 36. b5 Rc8 37. a5 Rc5 38. Bxd3 Bxd3 39. Qxd3 1-0

[Event "Politiken Cup 26th"]
[Site "Copenhagen"]
[Date "2004.07.25"]
[Round "2"]
[White "Soraas, Torben"]
[Black "Holst, Allan"]
[Result "0-1"]
[WhiteElo "2107"]
[BlackElo "2358"]
[PlyCount "124"]
[EventDate "2004.07.24"]
[EventType "swiss"]
[EventRounds "10"]
[EventCountry "DEN"]
[SourceTitle "CBM 101 Extra"]
[Source "ChessBase"]
[SourceDate "2004.09.01"]
[SourceVersion "2"]
[SourceVersionDate "2004.09.01"]
[SourceQuality "1"]

1. e4 e6 2. d4 d5 3. Nd2 a6 4. Ngf3 c5 5. exd5 exd5 6. Be2 c4 7. 0-0 Bd6 8. Re1 Ne7 9. Nf1 0-0 10. Bg5 Nbc6 11. Bh4 b5 12. Bg3 Nf5 13. Bxd6 Nxd6 14. Ne5 Ne7 15. b4 f6 16. Nf3 Ne4 17. Ng3 Nc6 18. a4 Nc3 19. Qd2 Nxa4 20. c3 a5 21. bxa5 Nxa5 22. Bd1 Bd7 23. Bc2 Nb3 24. Bxb3 cxb3 25. Red1 Qc7 26. Ne1 Qxc3 27. Nd3 Bg4 28. f3 Qxd4+ 29. Nf2 Qxd2 30. Rxd2 Be6 31. Ne2 b2 32. Rb1 d4 33. Nxd4 Ba2 34. Rdxb2 Nxb2 35. Rxb2 Bc4 36. Ne4 Rfd8 37. Nxb5 Rab8 38. Nec3 Rd7 39. Rb4 Bxb5 40. Rxb5 Rxb5 41. Nxb5 Rd3 42. Kf1 h5 43. h4 Kf8 44. Ke2 Rb3 45. Nd6 Rb2+ 46. Kf1 Rb4 47. g3 Rb2 48. Ne4 Ke7 49. Nf2 Ra2 50. Nd3 g5 51. hxg5 fxg5 52. Nf2 Ke6 53. Nd1 Ke5 54. Nf2 Rc2 55. Nd3+ Kd4 56. Ne1 Ra2 57. Ng2 Rb2 58. Kg1 Ra2 59. Kf1 Kd3 60. f4 Ke4 61. fxg5 Kf3 62. g6 Rxg2 0-1

[Event "Politiken Cup 26th"]
[Site "Copenhagen"]
[Date "2004.07.24"]
[Round "1"]
[White "Holst, Allan"]
[Black "Rosenkilde, Alexander"]
[Result "1-0"]
[WhiteElo "2358"]
[BlackElo "1989"]
[PlyCount "85"]
[EventDate "2004.07.24"]
[EventType "swiss"]
[EventRounds "10"]
[EventCountry "DEN"]
[SourceTitle "CBM 101 Extra"]
[Source "ChessBase"]
[SourceDate "2004.09.01"]
[SourceVersion "2"]
[SourceVersionDate "2004.09.01"]
[SourceQuality "1"]

1. d4 Nf6 2. Nf3 e6 3. g3 d5 4. c4 Be7 5. Bg2 0-0 6. 0-0 Nbd7 7. Qc2 c6 8. Rd1 Re8 9. Nbd2 Nf8 10. e4 dxe4 11. Nxe4 Ng6 12. h4 b6 13. Ne5 Nxe4 14. Nxc6 Qc7 15. Qxe4 Bb7 16. h5 Nf8 17. h6 Ng6 18. Nxe7+ Rxe7 19. Qxb7 Qxb7 20. Bxb7 Rxb7 21. Bg5 b5 22. c5 f6 23. Be3 Rd8 24. Kg2 Ne7 25. hxg7 Rbd7 26. Rh1 Nf5 27. Rae1 Rxg7 28. Kf3 Kf7 29. Rd1 Kg6 30. g4 Ne7 31. Rh6+ Kf7 32. Rdh1 Nc6 33. Rxh7 Nxd4+ 34. Bxd4 Rxd4 35. Rxg7+ Kxg7 36. Rc1 Kf7 37. c6 Rd8 38. Ke4 Ke7 39. f4 Rc8 40. g5 Rc7 41. gxf6+ Kxf6 42. Kd4 b4 43. Kc5 1-0

[Event "Politiken Cup 25th"]
[Site "Copenhagen"]
[Date "2003.07.22"]
[Round "8"]
[White "Holst, Allan"]
[Black "Glud, Jakob Vang"]
[Result "1/2-1/2"]
[WhiteElo "2361"]
[BlackElo "2173"]
[PlyCount "88"]
[EventDate "2003.07.14"]
[EventType "swiss"]
[EventRounds "11"]
[EventCountry "DEN"]
[SourceTitle "CBM 095 Extra"]
[Source "ChessBase"]
[SourceDate "2003.09.04"]
[SourceVersion "1"]
[SourceVersionDate "2003.09.04"]
[SourceQuality "1"]

1. d4 d5 2. Nf3 Nf6 3. c4 e6 4. g3 Be7 5. Bg2 0-0 6. Nc3 Nbd7 7. b3 dxc4 8. bxc4 c5 9. e3 cxd4 10. exd4 Qc7 11. Qb3 Nb6 12. Ne5 Nfd7 13. Nb5 Qd8 14. Nd3 a6 15. Nc3 Nf6 16. Bb2 Qc7 17. Ne5 Rd8 18. 0-0 Bd7 19. Rac1 Be8 20. Rfe1 Rac8 21. Ne4 Nxe4 22. Bxe4 Bf6 23. Bb1 Nd7 24. Ng4 Bg5 25. f4 Be7 26. Qd3 Nf8 27. f5 Qb6 28. f6 Bxf6 29. Nxf6+ gxf6 30. Ba1 Ng6 31. Qf3 f5 32. Qc3 e5 33. c5 exd4 34. cxb6 dxc3 35. Rxc3 Bd7 36. Rec1 Rxc3 37. Bxc3 Rc8 38. Bb2 Rxc1+ 39. Bxc1 Kf8 40. Bd3 Ne5 41. Bxa6 bxa6 42. b7 Nc6 43. Bf4 Ke8 44. a3 Nb8 1/2-1/2

[Event "Politiken Cup 25th"]
[Site "Copenhagen"]
[Date "2003.07.19"]
[Round "6"]
[White "Holst, Allan"]
[Black "Johannessen, Leif Erlend"]
[Result "0-1"]
[WhiteElo "2361"]
[BlackElo "2525"]
[PlyCount "90"]
[EventDate "2003.07.14"]
[EventType "swiss"]
[EventRounds "11"]
[EventCountry "DEN"]
[SourceTitle "CBM 095 Extra"]
[Source "ChessBase"]
[SourceDate "2003.09.04"]
[SourceVersion "1"]
[SourceVersionDate "2003.09.04"]
[SourceQuality "1"]

1. d4 e6 2. Nf3 d5 3. Bf4 Nf6 4. e3 c5 5. c3 Nc6 6. Nbd2 Bd6 7. Bg3 Bxg3 8. hxg3 Qd6 9. Be2 Bd7 10. a3 e5 11. dxc5 Qxc5 12. c4 e4 13. Nb3 Qb6 14. Nfd2 Ne5 15. cxd5 Ba4 16. Qc2 0-0 17. Nxe4 h6 18. Nxf6+ Qxf6 19. Qc3 Qd6 20. Qc5 Qd7 21. Qc3 Qxd5 22. Nc5 Rac8 23. Qd4 Rxc5 24. Qxa4 Qxg2 25. Rf1 Rfc8 26. Rd1 Rc1 27. Rxc1 Rxc1+ 28. Kd2 Rxf1 29. Bxf1 Qxf1 30. Qe8+ Kh7 31. Qxe5 Qxf2+ 32. Kc1 f5 33. Kb1 Qf1+ 34. Kc2 Qc4+ 35. Kd2 Qe4 36. Qb8 a6 37. Qd6 Qg2+ 38. Kc3 Qc6+ 39. Qxc6 bxc6 40. Kd4 g5 41. Ke5 Kg6 42. b4 h5 43. a4 h4 44. gxh4 gxh4 45. Kf4 Kf6 0-1

[Event "Politiken Cup 25th"]
[Site "Copenhagen"]
[Date "2003.07.15"]
[Round "2"]
[White "Holst, Allan"]
[Black "Laursen, Niels Norskov"]
[Result "1-0"]
[WhiteElo "2361"]
[BlackElo "2109"]
[PlyCount "37"]
[EventDate "2003.07.14"]
[EventType "swiss"]
[EventRounds "11"]
[EventCountry "DEN"]
[SourceTitle "CBM 095 Extra"]
[Source "ChessBase"]
[SourceDate "2003.09.04"]
[SourceVersion "1"]
[SourceVersionDate "2003.09.04"]
[SourceQuality "1"]

1. d4 Nf6 2. Nf3 e6 3. Bg5 h6 4. Bxf6 Qxf6 5. e4 d6 6. Nc3 Nd7 7. Qd2 g6 8. Nb5 Kd8 9. Qc3 c6 10. e5 dxe5 11. dxe5 Qe7 12. Nd6 Bg7 13. 0-0-0 Kc7 14. h4 Rd8 15. Qb4 Qf8 16. Qf4 g5 17. hxg5 hxg5 18. Qxf7 g4 19. Nd4 1-0

[Event "DEN-chB"]
[Site "Horsens"]
[Date "2003.04.18"]
[Round "4"]
[White "Nielsen, Anders Bodholt"]
[Black "Holst, Allan"]
[Result "1-0"]
[WhiteElo "2144"]
[BlackElo "2348"]
[PlyCount "195"]
[EventDate "2003.04.15"]
[EventType "swiss"]
[EventRounds "7"]
[EventCountry "DEN"]
[SourceTitle "EXT 2005"]
[Source "ChessBase"]
[SourceDate "2004.11.15"]
[SourceVersion "1"]
[SourceVersionDate "2004.11.15"]
[SourceQuality "1"]

1. d4 e6 2. Nf3 Nf6 3. c4 d5 4. Nc3 Be7 5. Bf4 0-0 6. e3 Nbd7 7. h3 c6 8. c5 b6 9. b4 bxc5 10. bxc5 Qa5 11. Qd2 Bd8 12. Bd3 Ba6 13. 0-0 Bxd3 14. Qxd3 Bc7 15. Bxc7 Qxc7 16. Rab1 Rab8 17. Qa6 Rxb1 18. Rxb1 Rb8 19. Qa4 Rxb1+ 20. Nxb1 Nb8 21. Nbd2 Nfd7 22. Nb3 f6 23. Ne1 e5 24. Nd3 Nf8 25. Qa5 Qxa5 26. Nxa5 exd4 27. exd4 Ne6 28. Nb3 Kf7 29. f3 Ke7 30. Kf2 Nc7 31. Ke3 Nb5 32. Nb4 Kd7 33. Kd3 Nc7 34. Ke3 Nba6 35. Nxa6 Nxa6 36. a3 Nc7 37. a4 Na6 38. Kd3 Nc7 39. Na5 Ne6 40. Ke3 g5 41. g3 Ng7 42. Nb3 Nh5 43. Kf2 Kc7 44. Kg2 Ng7 45. Kf2 Nf5 46. f4 gxf4 47. gxf4 Kd7 48. Kf3 Ke6 49. Kg4 Ne3+ 50. Kh5 Nf5 51. Kg4 a6 52. Kh5 Kf7 53. h4 Kg7 54. Kg4 Ne3+ 55. Kf3 Nc2 56. Kg4 Kg6 57. h5+ Kg7 58. Kf5 Kf7 59. Kg4 Ne3+ 60. Kf3 Nf5 61. Kg4 Ke6 62. Kf3 Ke7 63. Kg4 Ne3+ 64. Kf3 Nf5 65. Kg4 Ke6 66. Kf3 Nh6 67. Na5 Kd7 68. Nb3 Kd8 69. Na5 Kc7 70. Nb3 Kd7 71. Kg3 Ke6 72. Kf3 Nf5 73. Kg4 Ne3+ 74. Kf3 Nc2 75. Kg4 Kf7 76. Kf3 Kg7 77. Ke2 Kh6 78. Kd2 Nb4 79. Kc3 a5 80. Nxa5 Na6 81. Nxc6 Kxh5 82. Nb4 Nc7 83. Kd3 Kg4 84. Ke3 h5 85. a5 h4 86. Kf2 Kxf4 87. a6 Ke4 88. a7 Na8 89. c6 Kf5 90. Nxd5 Ke6 91. c7 Kd7 92. Kg2 f5 93. Kh3 Kc8 94. Kxh4 Kb7 95. Kg5 Nxc7 96. Nxc7 Kxa7 97. Kxf5 Kb6 98. Ne6 1-0

[Event "DEN-chT 0203"]
[Site "Denmark"]
[Date "2003.01.12"]
[Round "4.1"]
[White "Holst, Allan"]
[Black "Skytte, Rasmus"]
[Result "1-0"]
[WhiteElo "2390"]
[BlackElo "2366"]
[PlyCount "103"]
[EventDate "2002.11.06"]
[EventType "team-tourn"]
[EventRounds "7"]
[EventCountry "DEN"]
[SourceTitle "EXT 2006"]
[Source "ChessBase"]
[SourceDate "2005.11.24"]
[SourceVersion "1"]
[SourceVersionDate "2005.11.24"]
[SourceQuality "1"]

1. d4 e6 2. Bf4 c5 3. c3 Qb6 4. Qc2 cxd4 5. cxd4 Nc6 6. e3 Nf6 7. Nc3 d5 8. a3 Bd7 9. Nf3 Rc8 10. Bd3 Nh5 11. Be5 f6 12. Bg3 f5 13. Be5 Nf6 14. Bxf6 gxf6 15. 0-0 Na5 16. Nd2 Rg8 17. Rac1 Bd6 18. Be2 Nc6 19. Kh1 Ne7 20. g3 a6 21. Qb1 Qa5 22. Qa2 Kf7 23. b4 Qd8 24. Nb3 Bc6 25. Qb2 Qf8 26. Na5 Qh6 27. Rg1 Bxg3 28. fxg3 Qxe3 29. Bh5+ Ng6 30. Rgd1 e5 31. Qe2 exd4 32. Qxe3 dxe3 33. Ne2 Bb5 34. Nxb7 Bxe2 35. Bxe2 Rxc1 36. Rxc1 f4 37. Rc7+ Ke6 38. Nc5+ Kf5 39. Rxh7 fxg3 40. Rh5+ Kf4 41. Ne6+ Ke4 42. hxg3 Rc8 43. Nc5+ Kd4 44. Bxa6 Re8 45. Be2 Ne5 46. Na4 Nd3 47. Kg2 Ne1+ 48. Kf1 Nc2 49. b5 Nxa3 50. b6 Rb8 51. Bf3 Nc4 52. Rxd5# 1-0

[Event "DEN-chT 0203"]
[Site "Denmark"]
[Date "2002.11.17"]
[Round "2.1"]
[White "Holst, Allan"]
[Black "Hillarp Persson, Tiger"]
[Result "0-1"]
[WhiteElo "2390"]
[BlackElo "2461"]
[PlyCount "72"]
[EventDate "2002.11.06"]
[EventType "team-tourn"]
[EventRounds "7"]
[EventCountry "DEN"]
[SourceTitle "EXT 2006"]
[Source "ChessBase"]
[SourceDate "2005.11.24"]
[SourceVersion "1"]
[SourceVersionDate "2005.11.24"]
[SourceQuality "1"]

1. Nf3 g6 2. c4 Bg7 3. e4 d6 4. d4 Nf6 5. Nc3 0-0 6. h3 c5 7. d5 e6 8. Bd3 a6 9. a4 b6 10. 0-0 Ra7 11. Bg5 h6 12. Be3 e5 13. Qd2 Nh5 14. Ne2 f5 15. Bxh6 f4 16. Bg5 Bf6 17. Bxf6 Qxf6 18. a5 Rh7 19. Rfb1 g5 20. Kf1 g4 21. hxg4 Bxg4 22. Neg1 bxa5 23. Ke2 Qg6 24. Kd1 Nf6 25. Kc2 Nxe4 26. Re1 Bf5 27. Bxe4 Bxe4+ 28. Kc3 Bf5 29. Ne2 Nd7 30. Kb3 Rb8+ 31. Ka3 Rb4 32. Qc3 Bc2 33. b3 Rxb3+ 34. Qxb3 Bxb3 35. Kxb3 Qd3+ 36. Nc3 Nf6 0-1

[Event "DEN-chT 0203"]
[Site "Denmark"]
[Date "2002.11.16"]
[Round "3.1"]
[White "Aagaard, Jacob"]
[Black "Holst, Allan"]
[Result "1/2-1/2"]
[WhiteElo "2359"]
[BlackElo "2390"]
[PlyCount "62"]
[EventDate "2002.11.06"]
[EventType "team-tourn"]
[EventRounds "7"]
[EventCountry "DEN"]
[SourceTitle "EXT 2006"]
[Source "ChessBase"]
[SourceDate "2005.11.24"]
[SourceVersion "1"]
[SourceVersionDate "2005.11.24"]
[SourceQuality "1"]

1. e4 c6 2. d4 d5 3. exd5 cxd5 4. c4 Nf6 5. Nc3 e6 6. Nf3 Be7 7. cxd5 Nxd5 8. Bc4 Nc6 9. 0-0 0-0 10. Re1 a6 11. Bb3 Nxc3 12. bxc3 b5 13. Bc2 Ra7 14. Qe2 g6 15. h4 Re8 16. h5 Bf6 17. Nd2 b4 18. Ne4 bxc3 19. Be3 Nxd4 20. Bxd4 Bxd4 21. Rad1 Qb6 22. Rb1 Qc7 23. Rb4 Bh8 24. Rd1 Rf8 25. Rc4 Qe7 26. hxg6 hxg6 27. Qg4 Rc7 28. Rxc7 Qxc7 29. Qh4 f6 30. Nd6 f5 31. Qg3 Bf6 1/2-1/2

[Event "DEN-chT 0102"]
[Site "Denmark"]
[Date "2002.03.16"]
[Round "6.1"]
[White "Nielsen, Peter Heine"]
[Black "Holst, Allan"]
[Result "1-0"]
[WhiteElo "2593"]
[BlackElo "2390"]
[PlyCount "207"]
[EventDate "2001.11.04"]
[EventType "team-tourn"]
[EventRounds "7"]
[EventCountry "DEN"]
[SourceTitle "EXT 2023"]
[Source "ChessBase"]
[SourceDate "2022.10.05"]
[SourceVersion "1"]
[SourceVersionDate "2022.10.05"]
[SourceQuality "1"]
[WhiteTeam "Helsinge"]
[BlackTeam "Copenhagen 68"]
[WhiteTeamCountry "DEN"]
[BlackTeamCountry "DEN"]

1. e4 Nf6 2. e5 Nd5 3. d4 d6 4. Nf3 dxe5 5. Nxe5 c6 6. Bc4 g6 7. 0-0 Bg7 8. Re1 0-0 9. Bb3 Be6 10. h3 Nd7 11. Nf3 Nc7 12. c4 Nb6 13. Qe2 a5 14. a4 Nc8 15. Nc3 Na6 16. Be3 Nb4 17. Rad1 Nd6 18. Bg5 Re8 19. d5 cxd5 20. cxd5 Bf5 21. g4 Bc8 22. Ne4 Kf8 23. Bf4 Nxe4 24. Qxe4 Bd7 25. Ng5 Kg8 26. Nxf7 Kxf7 27. Bc7 Qc8 28. Rc1 b6 29. Bxb6 Qa6 30. d6+ e6 31. Rc7 Kg8 32. Rxd7 Qxb6 33. Bxe6+ Kh8 34. Rxg7 Qxd6 35. Rd7 Qxd7 36. Bxd7 Rxe4 37. Rxe4 Nd3 38. Bb5 Nxb2 39. Re2 Nd1 40. Rc2 Rf8 41. Rc1 Nxf2 42. Bf1 Rf4 43. Rc5 Nxg4 44. Rxa5 Ne3 45. Be2 Kg7 46. Ra7+ Kh6 47. a5 Nd5 48. Rd7 Nb4 49. a6 Nxa6 50. Bxa6 Rh4 51. Kg2 Kg5 52. Bd3 Kf6 53. Kg3 Rh5 54. Be2 Re5 55. Bc4 Re7 56. Rd6+ Kg7 57. Kf4 Rc7 58. Be6 Kf6 59. Bd5+ Kg7 60. Kg5 Re7 61. Be6 Rc7 62. Rd8 h6+ 63. Kf4 Kf6 64. Bd5 Rc3 65. Rd6+ Ke7 66. Re6+ Kf8 67. Bg2 Kf7 68. Rd6 Kg7 69. Bf1 Kf7 70. Bd3 Ke7 71. Rd4 Kf6 72. Ke3 Rc6 73. Rf4+ Kg7 74. Bc4 Rf6 75. Rd4 Rc6 76. Re4 Kf6 77. Rf4+ Ke5 78. Bd3 Rd6 79. Rf8 Rf6 80. Rg8 g5 81. Rb8 Kd6 82. Be2 Ke5 83. Rb5+ Kd6 84. Bg4 Ke7 85. Bf5 Ra6 86. Rb7+ Kf6 87. Bd3 Re6+ 88. Kf3 Re7 89. Rb8 Kg7 90. Kg4 Rd7 91. Be4 Re7 92. Bf5 Rc7 93. Kh5 Rf7 94. Be6 Rf6 95. Rb7+ Kf8 96. Bd5 Rf4 97. Kg6 Rd4 98. Be6 Rf4 99. Bf5 Ke8 100. Kf6 Kd8 101. Rd7+ Ke8 102. Rh7 Kd8 103. Rxh6 Rh4 104. Kxg5 1-0

[Event "DEN-chT 0102"]
[Site "Denmark"]
[Date "2002.02.03"]
[Round "5.1"]
[White "Holst, Allan"]
[Black "Bentzen, Eric"]
[Result "1/2-1/2"]
[WhiteElo "2390"]
[BlackElo "2356"]
[PlyCount "70"]
[EventDate "2001.11.04"]
[EventType "team-tourn"]
[EventRounds "7"]
[EventCountry "DEN"]
[SourceTitle "EXT 2023"]
[Source "ChessBase"]
[SourceDate "2022.10.05"]
[SourceVersion "1"]
[SourceVersionDate "2022.10.05"]
[SourceQuality "1"]
[WhiteTeam "Copenhagen 68"]
[BlackTeam "Norresundby"]
[WhiteTeamCountry "DEN"]
[BlackTeamCountry "DEN"]

1. c4 Nf6 2. Nc3 e6 3. d4 d5 4. cxd5 exd5 5. Bg5 Be7 6. e3 c6 7. Qc2 Bg4 8. h3 Bh5 9. Bd3 Bg6 10. Nf3 Bxd3 11. Qxd3 Nbd7 12. 0-0 0-0 13. Bf4 Re8 14. Rab1 a5 15. Rfc1 Nf8 16. Bh2 Ng6 17. a3 Bd6 18. Bxd6 Qxd6 19. Qc2 Ne4 20. b4 axb4 21. axb4 f5 22. g3 Nxg3 23. fxg3 Qxg3+ 24. Qg2 Qxg2+ 25. Kxg2 Rxe3 26. Kf2 Rd3 27. Rb3 Nf4 28. Rd1 Ra2+ 29. Nxa2 Rxb3 30. h4 g6 31. Kg3 Nh5+ 32. Kf2 Nf6 33. Kg3 Rb2 34. Nc1 Nh5+ 35. Kh3 Nf4+ 1/2-1/2

[Event "DEN-chT 0102"]
[Site "Denmark"]
[Date "2001.11.17"]
[Round "3.1"]
[White "Holst, Allan"]
[Black "Hansen, Lars Bo"]
[Result "0-1"]
[WhiteElo "2390"]
[BlackElo "2586"]
[PlyCount "56"]
[EventDate "2001.11.04"]
[EventType "team-tourn"]
[EventRounds "7"]
[EventCountry "DEN"]
[SourceTitle "EXT 2023"]
[Source "ChessBase"]
[SourceDate "2022.10.05"]
[SourceVersion "1"]
[SourceVersionDate "2022.10.05"]
[SourceQuality "1"]
[WhiteTeam "Copenhagen 68"]
[BlackTeam "Copenhagen 34"]
[WhiteTeamCountry "DEN"]
[BlackTeamCountry "DEN"]

1. Nf3 Nf6 2. c4 c6 3. Nc3 d5 4. e3 e6 5. b3 Nbd7 6. Qc2 Bd6 7. Bb2 0-0 8. Be2 a6 9. d4 e5 10. cxd5 cxd5 11. dxe5 Nxe5 12. 0-0 Be6 13. Rac1 Rc8 14. Qb1 Nfg4 15. g3 Qf6 16. Nxe5 Bxe5 17. Bxg4 Bxg4 18. Nxd5 Qf3 19. Bxe5 Qxd5 20. f4 Bh3 21. Rf2 Rxc1+ 22. Qxc1 Rc8 23. Qe1 Qe4 24. Rd2 h6 25. Bb2 Rc2 26. a3 Rxd2 27. Qxd2 Qf3 28. Qd8+ Kh7 0-1